La escuela rural unitaria. tomo ii /
Guardado en:
| Autor Principal: | |
|---|---|
| Formato: | Libro |
| Publicado: |
Argentina :
Ediciones Pedag¢gicas,
1957
|
| Materias: | |
| Etiquetas: |
Agregar Etiqueta
Sin Etiquetas, Sea el primero en etiquetar este registro!
|
| LEADER | 00497nam a22001695a 4500 | ||
|---|---|---|---|
| 001 | CEM.cems003393 | ||
| 005 | 19000101000000.0 | ||
| 008 | 130507s1957##################000#0#####d | ||
| 003 | CEMS | ||
| 082 | 0 | 4 | |a 379.173 |
| 100 | 1 | |a Iglesias, Luis F. | |
| 245 | 1 | 0 | |a La escuela rural unitaria. tomo ii / |c Luis F. Iglesias |
| 260 | |a Argentina : |b Ediciones Pedag¢gicas, |c 1957 | ||
| 300 | |a 181 p. | ||
| 653 | |a Educacion | ||
| 653 | |a Escuela rural | ||
| 859 | |a CEMS |b BIB. CEMS - 11 de abril |h 379.173 |i Ig4/II |p 8596.80 |t Ej.1 | ||
